000 00438nam a2200181Ia 4500
001 22636
005 20260414150844.0
008 260414t2014||||xx |||||||||||||| ||spa||
041 _aESP
082 _a621.3822
_bV57
100 _aVetterli, Martin
_eAUT
245 0 _aFoundations of signal processing
_b
260 _c2014
300 _axxvii, 715 páginas :
_c25 cm.
650 _aTCA
654 _aCET
942 _cLIB
_dJUS
_fJUS
_2ddc
_n
999 _c22636
_d22636